La Abstención en las elecciones venezolanas de 1998: recursos y compromiso político. = Abstention in Venezuelan electiosn of 1998: resources and political commitment /
Los estudios llevados a cabo en la literatura especializada ha identificado, al menos, cuatro tipos de factores que influyen sobre la decisión de un individuo acerca de acudir a depositar su voto o no en unas elecciones. Con el fin de ofrecer explicaciones acerca de la abstención observada en la dos...
Salvato in:
| Autore principale: | |
|---|---|
| Natura: | testo |
| Soggetti: | |
| Tags: |
Aggiungi Tag
Nessun Tag, puoi essere il primo ad aggiungerne!!
|
MARC
| LEADER | 00000 a a2200000 04500 | ||
|---|---|---|---|
| 001 | 14413 | ||
| 003 | |||
| 040 | |||
| 100 | |a Medina Gutiérrez, Domingo | ||
| 245 | |a La Abstención en las elecciones venezolanas de 1998: recursos y compromiso político. = |b Abstention in Venezuelan electiosn of 1998: resources and political commitment / |c Domingo Medina Gutiérrez | ||
| 520 | |a Los estudios llevados a cabo en la literatura especializada ha identificado, al menos, cuatro tipos de factores que influyen sobre la decisión de un individuo acerca de acudir a depositar su voto o no en unas elecciones. Con el fin de ofrecer explicaciones acerca de la abstención observada en la dos elecciones realizadas en Venezuela durante 1998, en el presente artículo se ponen a prueba hipótesis derivadas de consideraciones de los enfoques de estatus socioeconómicos y de compromiso político y se deja de lado el análisis de la integración social | ||
| 650 | |a ABSTENCIONISMO ELECTORAL | ||
| 650 | |a COMPORTAMIENTO POLITICO | ||
| 650 | |a INVESTIGACION | ||
| 650 | |a VENEZUELA | ||
| 650 | |a ABSTENCIONISMO ELECTORAL | ||
| 773 | |g número 32 -33; páginas 61-94 | ||
| 999 | |c 28859 |d 28859 | ||
